000 00343nam a2200145Ia 4500
008 230312s9999||||xx |||||||||||||| ||und||
020 _a0-8016-6207-9
082 _a616.994
_bFOW-B
100 _aFowble;Barbara
245 0 _aBreast cancer treatment
260 _bMosby
_aUSA
_c1991
300 _a647
650 _aMedical
_vSurgery
942 _cBK
999 _c2360
_d2360